| 000 | 00720nam a2200265Ia 4500 | ||
|---|---|---|---|
| 003 | OSt | ||
| 005 | 20221006160855.0 | ||
| 006 | a|||||r|||| 00| 0 | ||
| 007 | ta | ||
| 008 | 221006b |||||||| |||| 00| 0 eng d | ||
| 020 |
_a9788927731528 _cRs 18,000 |
||
| 024 | _a46,690 | ||
| 037 | _cTextual | ||
| 040 |
_aEASL _cEASL _beng |
||
| 041 |
_2eng _aeng |
||
| 082 | _aP495, Q6 | ||
| 100 |
_aCHO Hangrok and others _9675315 |
||
| 245 | 0 | _aMaster Korean 3-1 Intermediate. | |
| 260 |
_aSeoul _bDarakwon Korea _c2016 |
||
| 300 |
_a287p. MP3 CD 3-1 _ccm. |
||
| 490 | _v KEL | ||
| 500 | _aAccompanying MP3 CD 3-1 | ||
| 942 |
_hP495, Q6 _cTEXL _2CC |
||
| 999 |
_c1114780 _d1114780 |
||